[Event "Keres Memorial rap 28th"]
[Site "Tallinn"]
[Date "2019.01.13"]
[Round "11"]
[White "Turov, Maxim"]
[Black "Olkhovskiy, Alexander"]
[Result "1-0"]
[WhiteElo "2585"]
[BlackElo "2145"]
[PlyCount "71"]
[EventDate "2019.01.12"]
[EventType "swiss (rapid)"]
[EventRounds "11"]
[EventCountry "EST"]
[SourceTitle "CBM 188 Extra"]
[Source "ChessBase"]
[SourceDate "2019.02.26"]
[SourceVersion "1"]
[SourceVersionDate "2019.02.26"]
[SourceQuality "1"]

1. Nf3 Nf6 2. g3 d5 3. Bg2 e6 4. 0-0 Be7 5. d3 Nbd7 6. Nbd2 0-0 7. e4 c5 8. e5 Ne8 9. Re1 b5 10. h4 Bb7 11. Nf1 d4 12. h5 Nc7 13. h6 g6 14. N1h2 f5 15. exf6 Nxf6 16. Bg5 Nd7 17. Qd2 Rf5 18. Bxe7 Qxe7 19. Nh4 Rd5 20. Qf4 Nb6 21. Bxd5 Nbxd5 22. Qe5 Rf8 23. N2f3 Nb4 24. Ng5 Qf6 25. Qxf6 Rxf6 26. Re2 c4 27. a3 cxd3 28. cxd3 Nxd3 29. Rd1 Nc5 30. Rxd4 Bd5 31. Rc2 N5a6 32. f4 Rf8 33. b4 Rd8 34. Nhf3 Re8 35. Ne5 Na8 36. Nd7 1-0

[Event "EU-ch rapid"]
[Site "Katowice"]
[Date "2017.12.16"]
[Round "5"]
[White "Olkhovskiy, Alexander"]
[Black "Kusiak, Matej"]
[Result "0-1"]
[WhiteElo "2145"]
[BlackElo "2280"]
[PlyCount "88"]
[EventDate "2017.12.16"]
[EventType "swiss (rapid)"]
[EventRounds "11"]
[EventCountry "POL"]
[SourceTitle "CBM 182 Extra"]
[Source "ChessBase"]
[SourceDate "2018.02.23"]
[SourceVersion "1"]
[SourceVersionDate "2018.02.23"]
[SourceQuality "1"]

1. e4 c5 2. f4 d5 3. exd5 Qxd5 4. Nc3 Qd8 5. Nf3 Nc6 6. Bb5 Bd7 7. 0-0 e6 8. d3 Nf6 9. f5 exf5 10. Re1+ Be7 11. Bxc6 Bxc6 12. Qe2 Bxf3 13. Qxf3 0-0 14. Qxb7 Bd6 15. Qf3 Qd7 16. Bg5 Ng4 17. h3 Ne5 18. Qd5 Rae8 19. Bf4 Qe6 20. Qxe6 Rxe6 21. Nb5 Bb8 22. d4 Nd7 23. Be3 a6 24. Nc3 Rfe8 25. Kf2 cxd4 26. Bxd4 Bg3+ 27. Kxg3 Rxe1 28. Rxe1 Rxe1 29. Nd5 Rd1 30. c3 Rd2 31. b4 Rxa2 32. Ne7+ Kf8 33. Nxf5 g6 34. Nd6 Ke7 35. Ne4 f5 36. Ng5 h6 37. Nf3 Ke6 38. h4 Kd5 39. Bg7 h5 40. Ng5 Ne5 41. Nh3 Ra3 42. Nf4+ Ke4 43. Bxe5 Kxe5 44. Nxg6+ Ke4 0-1

[Event "EU-ch blitz"]
[Site "Katowice"]
[Date "2017.12.15"]
[Round "17"]
[White "Kastelic, Marian"]
[Black "Olkhovskiy, Alexander"]
[Result "1/2-1/2"]
[WhiteElo "2255"]
[BlackElo "2145"]
[PlyCount "204"]
[EventDate "2017.12.15"]
[EventType "swiss (blitz)"]
[EventRounds "22"]
[EventCountry "POL"]
[SourceTitle "CBM 182 Extra"]
[Source "ChessBase"]
[SourceDate "2018.02.23"]
[SourceVersion "1"]
[SourceVersionDate "2018.02.23"]
[SourceQuality "1"]

1. d4 Nf6 2. c4 e6 3. Nf3 Bb4+ 4. Nc3 b6 5. Bd2 0-0 6. e3 Bb7 7. Be2 d6 8. 0-0 Nbd7 9. b3 Qe7 10. a3 Bxc3 11. Bxc3 Ne4 12. Bb2 f5 13. Nd2 Ndf6 14. f3 Nxd2 15. Qxd2 d5 16. Rac1 Rfe8 17. c5 Rad8 18. b4 c6 19. b5 bxc5 20. Rxc5 Rc8 21. Rfc1 cxb5 22. Bxb5 Rxc5 23. dxc5 Rc8 24. c6 Ba8 25. Qd4 Ne8 26. a4 a6 27. Bxa6 Rxc6 28. Rxc6 Bxc6 29. a5 Nd6 30. Qc5 Bb7 31. Bf1 Nc8 32. Ba3 Qxc5 33. Bxc5 Kf7 34. a6 Ba8 35. Bb5 e5 36. Bd7 Ne7 37. a7 g5 38. Kf2 e4 39. Ke2 exf3+ 40. gxf3 h5 41. Kf2 f4 42. exf4 gxf4 43. Ke2 Ng6 44. Bd4 Ke7 45. Bf5 Kf7 46. Kf2 Bc6 47. Bc3 Ne7 48. Bh3 Bb7 49. Bd2 Ng6 50. Bf5 Kf6 51. Bd3 Ne5 52. Be2 Kf5 53. Ba6 Ba8 54. Bc8+ Kg5 55. Ba5 Nc4 56. Bd8+ Kg6 57. h4 Ne5 58. Bg5 d4 59. Bxf4 Nxf3 60. Bh3 Nxh4 61. Be5 d3 62. Ke3 d2 63. Kxd2 Nf3+ 64. Ke3 Nxe5 65. Bf1 Kg5 66. Kd4 Nc6+ 67. Kc5 Nxa7 68. Kd4 Nc6+ 69. Ke3 Ne5 70. Kf2 Ng4+ 71. Kg3 Be4 72. Be2 h4+ 73. Kh3 Nf2+ 74. Kh2 Kf4 75. Bh5 Bf5 76. Be2 Ng4+ 77. Kh3 Kg5 78. Kg2 Ne3+ 79. Kh2 Nd5 80. Bf3 Nf6 81. Bc6 Kf4 82. Bb7 Nd7 83. Bc6 Ne5 84. Bb7 Nf3+ 85. Kg2 h3+ 86. Kf2 Be4 87. Bc8 h2 88. Kg2 Bd5 89. Bd7 Ne5+ 90. Kxh2 Nxd7 91. Kg1 Ne5 92. Kf2 Nd3+ 93. Ke2 Bc4 94. Kd2 Ke4 95. Kc3 Kd5 96. Kd2 Kd4 97. Kc2 Nb4+ 98. Kd2 Bb3 99. Kc1 Kc3 100. Kb1 Nd5 101. Ka1 Ne3 102. Kb1 Nc2 1/2-1/2

[Event "EU-ch blitz"]
[Site "Katowice"]
[Date "2017.12.15"]
[Round "14"]
[White "Olkhovskiy, Alexander"]
[Black "Dobrowolski, Piotr"]
[Result "1/2-1/2"]
[WhiteElo "2145"]
[BlackElo "2421"]
[PlyCount "88"]
[EventDate "2017.12.15"]
[EventType "swiss (blitz)"]
[EventRounds "22"]
[EventCountry "POL"]
[SourceTitle "CBM 182 Extra"]
[Source "ChessBase"]
[SourceDate "2018.02.23"]
[SourceVersion "1"]
[SourceVersionDate "2018.02.23"]
[SourceQuality "1"]

1. e4 e6 2. d4 d5 3. e5 c5 4. c3 Nc6 5. Nf3 Bd7 6. a3 f6 7. Bd3 Qc7 8. Qe2 cxd4 9. exf6 Nxf6 10. Bg5 Bd6 11. Bxf6 gxf6 12. 0-0 0-0-0 13. cxd4 Rhg8 14. Nc3 Rg4 15. Nb5 Rdg8 16. Nxc7 Rxg2+ 17. Kh1 Nxd4 18. Nb5 Bxb5 19. Bxb5 Kb8 20. Rg1 Rxg1+ 21. Rxg1 Rxg1+ 22. Nxg1 Nxe2 23. Nxe2 Kc7 24. Nd4 e5 25. Nf5 Bf8 26. f3 a6 27. Bd3 Kc6 28. b4 a5 29. bxa5 Bxa3 30. Kg2 Bb4 31. a6 bxa6 32. Bxa6 Bf8 33. Kf2 e4 34. fxe4 dxe4 35. Ke3 Kd5 36. Bb7+ Ke5 37. Bc8 Bc5+ 38. Ke2 Kf4 39. Ng3 Bg1 40. Nf1 f5 41. Ng3 Bxh2 42. Nxf5 Ke5 43. Nh4 Bg3 44. Ng2 h5 1/2-1/2

[Event "EU-Cup 33rd"]
[Site "Antalya"]
[Date "2017.10.10"]
[Round "3.5"]
[White "Mitkov, Marjan"]
[Black "Olkhovskiy, Alexander"]
[Result "1-0"]
[WhiteElo "2332"]
[BlackElo "2133"]
[PlyCount "125"]
[EventDate "2017.10.08"]
[EventType "team-swiss"]
[EventRounds "7"]
[EventCountry "TUR"]
[SourceTitle "CBM 181"]
[Source "ChessBase"]
[SourceDate "2017.11.10"]
[SourceVersion "1"]
[SourceVersionDate "2017.11.10"]
[SourceQuality "1"]
[WhiteTeam "Gambit Asseco See"]
[BlackTeam "Makabi LSK"]
[WhiteTeamCountry "MKD"]
[BlackTeamCountry "LTU"]

1. d4 Nf6 2. c4 e6 3. Nf3 Bb4+ 4. Bd2 Qe7 5. Nc3 b6 6. e3 Bb7 7. Bd3 Bxc3 8. Bxc3 Ne4 9. Qc2 f5 10. 0-0-0 0-0 11. Rhg1 d6 12. Be1 c5 13. g4 d5 14. gxf5 exf5 15. dxc5 Nd7 16. c6 Bxc6 17. Nd4 Bb7 18. cxd5 Bxd5 19. Bc4 Bxc4 20. Qxc4+ Kh8 21. Kb1 Ne5 22. Qa4 Ng6 23. Bb4 Nc5 24. Qc2 Qe4 25. f3 Qxc2+ 26. Kxc2 Rac8 27. Kd2 Rfd8 28. Ke2 Na4 29. b3 Nc3+ 30. Bxc3 Rxc3 31. Rc1 Rdc8 32. Rxc3 Rxc3 33. Nxf5 Rc2+ 34. Kd3 Rxh2 35. Rc1 h5 36. Rc8+ Kh7 37. Rc7 Rg2 38. Rxg7+ Kh8 39. Rxa7 h4 40. Nxh4 Nxh4 41. Ke4 Rg6 42. Rf7 Re6+ 43. Kd4 Kg8 44. Rf4 Ng6 45. Re4 Rd6+ 46. Kc4 Kf7 47. a4 Ne7 48. b4 Nc6 49. Kb5 Nb8 50. Rd4 Re6 51. Rf4+ Kg7 52. Re4 Rd6 53. Rd4 Re6 54. Rd8 Nc6 55. Rd7+ Kf8 56. Rb7 Nd8 57. Rxb6 Rxe3 58. a5 Rxf3 59. a6 Ra3 60. Rb8 Ke7 61. Kb6 Kd7 62. b5 Ne6 63. a7 1-0

[Event "EU-Cup 32nd"]
[Site "Novi Sad"]
[Date "2016.11.11"]
[Round "6.5"]
[White "Olkhovskiy, Alexander"]
[Black "Georgakopoulos, Nikolaos K"]
[Result "0-1"]
[WhiteElo "2095"]
[BlackElo "2025"]
[PlyCount "101"]
[EventDate "2016.11.06"]
[EventType "team-swiss"]
[EventRounds "7"]
[EventCountry "SRB"]
[SourceTitle "CBM 176"]
[Source "ChessBase"]
[SourceDate "2017.01.17"]
[SourceVersion "1"]
[SourceVersionDate "2017.01.17"]
[SourceQuality "1"]
[WhiteTeam "Ezerelio Vaivorykste"]
[BlackTeam "Chania Chess Academy"]
[WhiteTeamCountry "LTU"]
[BlackTeamCountry "GRE"]

1. e4 c5 2. f4 d5 3. exd5 Nf6 4. Nf3 Nxd5 5. Nc3 e6 6. Bb5+ Bd7 7. Bxd7+ Nxd7 8. d3 N7f6 9. 0-0 Bd6 10. Ne5 0-0 11. Bd2 a6 12. a4 Qc7 13. Qe2 Nb4 14. Be1 Nfd5 15. Bg3 Nc6 16. Nc4 Nd4 17. Qf2 Nxc3 18. bxc3 Nf5 19. a5 Be7 20. Rab1 Rab8 21. Qf3 Bf6 22. Rb3 Rfd8 23. Rfb1 Rd7 24. h3 h5 25. Bf2 h4 26. Qe4 g6 27. Nb6 Re7 28. Qc4 g5 29. Bxc5 Ree8 30. fxg5 Bxg5 31. Bf2 Qe7 32. Qg4 Kh7 33. Qh5+ Bh6 34. Rb4 Rg8 35. Bxh4 Qc5+ 36. Bf2 Rxg2+ 37. Kxg2 Ne3+ 38. Bxe3 Qxh5 39. Bxh6 Rg8+ 40. Rg4 Rxg4+ 41. hxg4 Qxg4+ 42. Kf2 Qf5+ 43. Ke2 Kxh6 44. Nc4 Qg4+ 45. Kf1 Qf4+ 46. Ke2 Qh2+ 47. Ke3 Qg2 48. Kd4 Kg5 49. Ne3 Qg3 50. Nc4 Qf2+ 51. Ke5 0-1

[Event "EU-Cup 32nd"]
[Site "Novi Sad"]
[Date "2016.11.10"]
[Round "5.5"]
[White "Velickovic, Sasa"]
[Black "Olkhovskiy, Alexander"]
[Result "1-0"]
[WhiteElo "2312"]
[BlackElo "2095"]
[PlyCount "73"]
[EventDate "2016.11.06"]
[EventType "team-swiss"]
[EventRounds "7"]
[EventCountry "SRB"]
[SourceTitle "CBM 176"]
[Source "ChessBase"]
[SourceDate "2017.01.17"]
[SourceVersion "1"]
[SourceVersionDate "2017.01.17"]
[SourceQuality "1"]
[WhiteTeam "Crvena Zvezda"]
[BlackTeam "Ezerelio Vaivorykste"]
[WhiteTeamCountry "SRB"]
[BlackTeamCountry "LTU"]

1. e4 Nf6 2. e5 Nd5 3. d4 d6 4. Nf3 Bg4 5. exd6 exd6 6. Be2 Be7 7. h3 Bh5 8. 0-0 0-0 9. c4 Nb6 10. Nc3 Nc6 11. b3 h6 12. Be3 d5 13. c5 Nc8 14. b4 a6 15. Qb3 Bf6 16. Nxd5 Bxd4 17. Nxd4 Nxd4 18. Bxd4 Bxe2 19. Rfe1 c6 20. Qg3 f6 21. Nc7 Qxd4 22. Ne6 Qd7 23. Nxf8 Kxf8 24. Rxe2 Ne7 25. Rae1 Nd5 26. a3 Rd8 27. Re6 Kf7 28. Rd6 Qc7 29. Rxd8 Qxd8 30. Qg4 Nc7 31. h4 Kf8 32. h5 Kf7 33. g3 Kf8 34. a4 Nd5 35. Qe6 Qa8 36. Qd6+ Kg8 37. Qd7 1-0

[Event "EU-Cup 32nd"]
[Site "Novi Sad"]
[Date "2016.11.09"]
[Round "4.5"]
[White "Faizrakhmanov, Ramil"]
[Black "Olkhovskiy, Alexander"]
[Result "1-0"]
[WhiteElo "2422"]
[BlackElo "2095"]
[PlyCount "75"]
[EventDate "2016.11.06"]
[EventType "team-swiss"]
[EventRounds "7"]
[EventCountry "SRB"]
[SourceTitle "CBM 176"]
[Source "ChessBase"]
[SourceDate "2017.01.17"]
[SourceVersion "1"]
[SourceVersionDate "2017.01.17"]
[SourceQuality "1"]
[WhiteTeam "Kazan Ladya"]
[BlackTeam "Ezerelio Vaivorykste"]
[WhiteTeamCountry "RUS"]
[BlackTeamCountry "LTU"]

1. d4 Nf6 2. c4 e6 3. Nf3 Bb4+ 4. Bd2 Qe7 5. g3 Nc6 6. Nc3 Bxc3 7. Bxc3 Ne4 8. Rc1 Nxc3 9. Rxc3 d6 10. d5 Nb8 11. dxe6 fxe6 12. Bg2 0-0 13. 0-0 a5 14. Nd4 c6 15. Re3 Na6 16. Qd2 e5 17. f4 Nc5 18. Nf3 e4 19. Nd4 a4 20. b4 axb3 21. axb3 d5 22. cxd5 cxd5 23. Rc3 Bd7 24. Rfc1 Rfc8 25. Nb5 b6 26. Qxd5+ Be6 27. Qe5 Qd7 28. Bxe4 Re8 29. Bxa8 Qxb5 30. Bd5 Bxd5 31. Qxd5+ Kh8 32. Qc4 Qd7 33. b4 Ne4 34. Rd3 Qe7 35. Qc7 Qxb4 36. Rd8 Nf6 37. Rxe8+ Nxe8 38. Qd7 1-0

[Event "EU-ch rapid"]
[Site "Wroclaw"]
[Date "2014.12.20"]
[Round "5"]
[White "Petrosyan, Tigran S"]
[Black "Olkhovskiy, Alexander"]
[Result "1-0"]
[WhiteElo "2429"]
[BlackElo "2135"]
[PlyCount "111"]
[EventDate "2014.12.20"]
[EventType "swiss (rapid)"]
[EventRounds "11"]
[EventCountry "POL"]
[SourceTitle "CBM 164 Extra"]
[Source "ChessBase"]
[SourceDate "2015.03.02"]
[SourceVersion "1"]
[SourceVersionDate "2015.03.02"]
[SourceQuality "1"]

1. Nf3 Nf6 2. g3 d5 3. Bg2 e6 4. 0-0 g6 5. d4 Bg7 6. c4 0-0 7. Nc3 Ne4 8. Qd3 f5 9. Bf4 Nc6 10. Rad1 b6 11. cxd5 exd5 12. Ne5 Nb4 13. Qb1 Be6 14. a3 Na6 15. Qc1 Qe8 16. Bh6 Rd8 17. Bxg7 Kxg7 18. Nd3 Bg8 19. Rfe1 c5 20. dxc5 d4 21. Nb1 bxc5 22. Nd2 Nxd2 23. Qxd2 Bb3 24. Rc1 c4 25. Nb4 Nc5 26. Nd5 Ne4 27. Qxd4+ Kg8 28. Bxe4 fxe4 29. Nf6+ Rxf6 30. Qxf6 Rd7 31. Rc3 Rf7 32. Qd4 Rd7 33. Qe3 a5 34. Rxb3 cxb3 35. Qxb3+ Qf7 36. Qxf7+ Kxf7 37. Rb1 Rd2 38. Kf1 a4 39. b3 axb3 40. Rxb3 Kf6 41. e3 Ra2 42. Rb6+ Kf5 43. Rb5+ Kf6 44. Ra5 h5 45. Kg2 g5 46. h3 Ra1 47. Ra8 g4 48. hxg4 hxg4 49. a4 Ra2 50. a5 Ra1 51. a6 Kf7 52. a7 Ra2 53. Rh8 Kg7 54. Ra8 Kh7 55. Kg1 Ra1+ 56. Kg2 1-0

[Event "Chigorin Memorial blitz 22nd"]
[Site "St Petersburg"]
[Date "2014.10.17"]
[Round "1"]
[White "Shimanov, Aleksandr"]
[Black "Olkhovskiy, Alexander"]
[Result "1-0"]
[WhiteElo "2606"]
[BlackElo "2135"]
[PlyCount "103"]
[EventDate "2014.10.17"]
[EventType "swiss (blitz)"]
[EventRounds "13"]
[EventCountry "RUS"]
[SourceTitle "EXT 2015"]
[Source "ChessBase"]
[SourceDate "2014.11.20"]
[SourceVersion "1"]
[SourceVersionDate "2014.11.20"]
[SourceQuality "1"]

1. e4 Nf6 2. e5 Nd5 3. d4 d6 4. Nf3 Bg4 5. exd6 exd6 6. Be2 Be7 7. 0-0 0-0 8. h3 Bh5 9. Nbd2 Nf4 10. Bb5 c6 11. Ba4 d5 12. Re1 Bf6 13. Nf1 Ne6 14. c3 Nd7 15. Ng3 Bg6 16. Be3 Re8 17. Qd2 Nb6 18. Bb3 a5 19. a4 Qd6 20. Ne2 Re7 21. Nf4 Be4 22. Nxe6 Rxe6 23. Bf4 Qe7 24. Nh2 Re8 25. Ng4 Nc4 26. Bxc4 dxc4 27. f3 Bd5 28. Ne3 h6 29. Kf2 Bh4+ 30. g3 Bg5 31. Nxd5 cxd5 32. Bxg5 hxg5 33. Rxe6 Qxe6 34. Rh1 Qf5 35. g4 Qf6 36. Re1 Kf8 37. Rxe8+ Kxe8 38. Qe3+ Qe7 39. Qe5 Qxe5 40. dxe5 Ke7 41. Ke3 Ke6 42. f4 f6 43. Kf3 Kf7 44. exf6 gxf6 45. Kg3 Kg6 46. h4 gxh4+ 47. Kxh4 Kh6 48. Kg3 Kg6 49. Kf3 Kf7 50. Ke3 Ke6 51. Kd4 b6 52. g5 1-0